00418pab a2200145 454500008004000000100002000040245004300060260000900103300001400112362000800126650004200134650004200176650002800218773002600246180718b2004 xxu||||| |||| 00| 0 eng d aLevine, Stephen aParliamentary democracy in New Zealand c2004 ap.646-65. aJul aParliamentary democracy - New Zealand aNew Zealand - Politics and government aPolitics and government aParliamentary Affairs